| 000 | 00506nam a2200217Ia 4500 | ||
|---|---|---|---|
| 003 | OSt | ||
| 005 | 20221005132609.0 | ||
| 006 | a|||||r|||| 00| 0 | ||
| 007 | ta | ||
| 008 | 221004b |||||||| |||| 00| 0 urd d | ||
| 024 | _a69683 | ||
| 037 | _cTextual | ||
| 040 |
_aCRL _cCRL _burd |
||
| 041 |
_2urd _aurd |
||
| 082 | _aO168xM9, H2 | ||
| 245 | 0 | _aUfadat-e-mehndi | |
| 260 | _c1942 | ||
| 650 | _aURDU LITERATURE | ||
| 942 |
_hO168xM9, H2 _cTEXL _2cc |
||
| 999 |
_c1064121 _d1064121 |
||